| 000 -CABECERA |
| campo de control de longitud fija |
01432nam a22002297a 4500 |
| 003 - IDENTIFICADOR DEL NÚMERO DE CONTROL |
| campo de control |
OSt |
| 005 - FECHA Y HORA DE LA ÚLTIMA TRANSACCIÓN |
| campo de control |
20250509172506.0 |
| 008 - DATOS DE LONGITUD FIJA--INFORMACIÓN GENERAL |
| campo de control de longitud fija |
250509b ||||| |||| 00| 0 spa d |
| 040 ## - FUENTE DE LA CATALOGACIÓN |
| Centro/agencia transcriptor |
CO-Mq BPB |
| 041 ## - CÓDIGO DE LENGUA |
| Código de lengua del texto/banda sonora o título independiente |
spa |
| 082 ## - NÚMERO DE LA CLASIFICACIÓN DECIMAL DEWEY |
| Número de clasificación |
AN |
| Número de documento/Ítem |
ACHt |
| 100 ## - ENTRADA PRINCIPAL--NOMBRE DE PERSONA |
| Nombre de persona |
Achebe, Chinua |
| Fechas asociadas al nombre |
1930-2013 |
| Término indicativo de función/relación |
autor |
| 245 ## - MENCIÓN DE TÍTULO |
| Título |
Todo se desmorona |
| 264 ## - PRODUCCIÓN, PUBLICACIÓN, DISTRIBUCIÓN, FABRICACIÓN Y COPYRIGHT |
| Producción, publicación, distribución, fabricación y copyright |
Bogotá; |
| Nombre del de productor, editor, distribuidor, fabricante |
Penguin Random House, |
| Fecha de producción, publicación, distribución, fabricación o copyright |
2012 |
| 300 ## - DESCRIPCIÓN FÍSICA |
| Extensión |
206 páginas; |
| Otras características físicas |
Tapa rustica |
| Dimensiones |
19 cm |
| 521 ## - NOTA DE PÚBLICO DESTINATARIO |
| Nota de público destinatario |
La novela poscolonialista por excelencia. Una de las grandes obras del siglo XX. La tragedia personal y colectiva de un poderoso guerrero Ibo que ve cómo todo su mundo se viene abajo con la llegada del hombre blanco.Okonkwo es un gran guerrero, cuya fama se extiende por todo el África Occidental, pero al matar por accidente a un prohombre de su clan es obligado a expiar su culpa con el sacrificio de su hijastro y el exilio. Cuando por fin puede regresar a su aldea, la encuentra repleta de misioneros y gobernadores británicos. Su mundo se desmorona, y él no puede más que precipitarse hacia la tragedia. Esta apasionada parábola sobre un hombre orgulloso que, desamparado, presencia la ruina de su pueblo fue publicada en 1958, y desde entonces ha vendido más de diez millones de ejemplares en cuarenta y cinco idiomas. |
| 650 ## - PUNTO DE ACCESO ADICIONAL DE MATERIA--TÉRMINO DE MATERIA |
| Término de materia o nombre geográfico como elemento de entrada |
Ficción literaria |
| 650 ## - PUNTO DE ACCESO ADICIONAL DE MATERIA--TÉRMINO DE MATERIA |
| Término de materia o nombre geográfico como elemento de entrada |
Guerreros |
| 650 ## - PUNTO DE ACCESO ADICIONAL DE MATERIA--TÉRMINO DE MATERIA |
| Término de materia o nombre geográfico como elemento de entrada |
Tragedia |
| 700 ## - PUNTO DE ACCESO ADICIONAL--NOMBRE DE PERSONA |
| Nombre de persona |
Álvarez Flórez, José Manuel |
| Término indicativo de función/relación |
traductor |
| 942 ## - ELEMENTOS DE PUNTO DE ACCESO ADICIONAL (KOHA) |
| Fuente del sistema de clasificación o colocación |
|
| Tipo de ítem Koha |
Libro Literatura |